00769nam a2200193Ia 4500003000900000008004100009020001800050040001600068080002300084111008500107245020500192260003700397300001400434490002700448650001300475700002400488700002600512710003700538IN-BaIIA211028s9999 xx 000 0 eng d a0-7923-5059-6 cIIA Library a082.2:52bIAU-S188 aSymposium of the International Astronomical Unionn188thcJapand1997 Aug. 26-30 4aThe hot Universebproceedings of the 188th IAU Symposium held in Kyoto, Japan, August 26-30, 1997cedited by Katsuji Koyama, Shunji Kitamato and Masayuki Itoh  aDordrechtbKluwer Academicc1998 axv, 474p. aIAU Symposium; no. 188 aUniverse aItoh, Masayuki, ed. aKitamato, Shunji, ed. aInternational Astronomical Union